000 00520nam a2200205Ia 4500
003 GCL
008 140319s9999 xx 000 0 eng d
040 _aGCL /
_cGCL
082 0 4 _aP
_b320.9
_bV E
100 1 _aVATIN, J.C.
245 1 0 _aETUDES POLITIQUES DU MONDE ARAB /
_cVATIN, J.C.
260 _a[S.N] :
_bCEDEJ ،
_c1991
300 _a405 P
650 0 4 _aPERIODICALS
650 0 4 _aCENTRE D ETUDES ET DE DOCUMENT
650 0 4 _aARABS
650 0 4 _aARABIC WORLD
650 0 4 _aPOLICY SCIENCES
942 _2ddc
_cCR
999 _c25904
_d25904